000
00313nam a22001337a 4500
008
180921b xxu||||| |||| 00| 0 eng d
020
_a
9780323014823
041
_a
eng
080
_2
4 ED
_a
610.73
100
_a
3
101
_a
NUR
245
_a
Psychatric Nursing Crae Plans
_c
Fortinas.K.M
942
_2
udc
_c
BK
999
_c
48167
_d
48167